000 00886nam a2200217Ia 4500
003 IN-BaIIA
008 211028s9999 xx 000 0 eng d
040 _cIIA Library
080 _a533.9(082.2)
_bDIF
111 _aInternational Conference on Diffuse Relativistic Plasmas
_cBangalore
_d2011 Mar. 1-4
_935276
245 0 _aDiffuse relativistic plasmas
_bproceedings of the international conference held at Raman Research Institute, Bangalore, March 1-4, 2011
_cedited by K. S. Dwarakanath...[et al.]
260 _aBangalore
_bIndian Academy of Sciences
_c2012
300 _a[various pagings.]
650 _aCosmic evolution-Congresses
_935277
650 _aPlasma physics-Congresses
_932667
700 _aDwarakanath, K. S., ed.
_935278
700 _aRudnick, Lawrence, ed.
_935279
700 _aUdaya Shankar, N., ed.
_935280
700 _aVenturi, Tiziana, ed.
_935281
942 _cBK
999 _c18391
_d18391